[Event "Championnat de France des Jeunes - Junio"]
[Site "Aix les Bains"]
[Date "2009.04.26"]
[Round "9.1"]
[White "Valles, Manuel"]
[Black "Houriez, Clement"]
[Result "1/2-1/2"]
[WhiteElo "2125"]
[BlackElo "2284"]
[PlyCount "35"]
[EventDate "2009.??.??"]

1. d4 Nf6 2. Nf3 e6 3. e3 b6 4. Bd3 Bb7 5. Nbd2 c5 6. O-O cxd4 7. exd4 Be7 8.
c4 O-O 9. b3 d5 10. Qe2 Nbd7 11. Ne5 Rc8 12. Bb2 dxc4 13. Ndxc4 Rc7 14. Qe3 Qa8
15. Qh3 Be4 16. Rad1 Bxd3 17. Rxd3 b5 18. Ne3 1/2-1/2

[Event "Championnat de France des Jeunes - Junio"]
[Site "Aix les Bains"]
[Date "2009.04.26"]
[Round "9.2"]
[White "Lagarde, Maxime"]
[Black "Frederic, Clement"]
[Result "1-0"]
[WhiteElo "2346"]
[BlackElo "2208"]
[PlyCount "51"]
[EventDate "2009.??.??"]

1. e4 e6 2. d4 d5 3. Nc3 Bb4 4. e5 Qd7 5. a3 Bxc3+ 6. bxc3 b6 7. Qg4 f5 8. Qg3
Ba6 9. Bxa6 Nxa6 10. Ne2 O-O-O 11. a4 Nb8 12. a5 Nc6 13. axb6 cxb6 14. O-O Na5
15. Rxa5 bxa5 16. Ba3 Kb7 17. Nf4 g6 18. c4 g5 19. Qxg5 dxc4 20. Nxe6 Rc8 21.
Qxf5 Ka8 22. Rb1 a6 23. Qe4+ Qc6 24. d5 Nf6 25. dxc6 Rb8 26. Rd1 1-0

[Event "Championnat de France des Jeunes - Junio"]
[Site "Aix les Bains"]
[Date "2009.04.26"]
[Round "9.4"]
[White "Brethes, Francois"]
[Black "Wojtkowski, Frederic"]
[Result "1-0"]
[WhiteElo "2272"]
[BlackElo "1923"]
[PlyCount "141"]
[EventDate "2009.??.??"]

1. d4 d5 2. Nf3 e6 3. c4 c6 4. e3 Bd6 5. Bd3 f5 6. O-O Nf6 7. Nc3 Ne4 8. Ne5
Bxe5 9. dxe5 O-O 10. f3 Nc5 11. Be2 Nbd7 12. b4 Na6 13. b5 Nac5 14. bxc6 bxc6
15. cxd5 cxd5 16. Nxd5 Bb7 17. Nf4 Nxe5 18. Ba3 Qa5 19. Bxc5 Qxc5 20. Qd4 Qxd4
21. exd4 Nc6 22. Nxe6 Rfe8 23. Rae1 Rac8 24. Bc4 Kh8 25. Ng5 Rxe1 26. Rxe1 h6
27. Nf7+ Kh7 28. Nd6 Rc7 29. Nxb7 Rxb7 30. d5 Na5 31. Ba6 Rd7 32. Rd1 Rd6 33.
Bb5 a6 34. Be2 Nb7 35. Kf2 Kg6 36. Ke3 Kf6 37. f4 Nc5 38. Bf3 Rb6 39. Rc1 Nd7
40. Rc6+ Ke7 41. Kd4 Rb4+ 42. Ke3 Rxf4 43. Re6+ Kd8 44. Rxa6 Ne5 45. Be2 Rf2
46. Bb5 Rxg2 47. d6 Kc8 48. Kd4 Nd7 49. Ra7 Rd2+ 50. Bd3 Ne5 51. Kxe5 Rxd3 52.
Rxg7 Rd2 53. h4 Rxa2 54. h5 Re2+ 55. Kxf5 Rd2 56. Ke6 Re2+ 57. Kf6 Kd8 58. Rg6
Kd7 59. Kg7 Rh2 60. Kxh6 Rh1 61. Rf6 Rg1 62. Kh7 Ke8 63. h6 Rg2 64. Kh8 Rg1 65.
h7 Rg2 66. Rf5 Kd7 67. Rf7+ Kxd6 68. Rg7 Re2 69. Kg8 Re8+ 70. Kf7 Re7+ 71. Kf8
1-0

[Event "Championnat de France des Jeunes - Junio"]
[Site "Aix les Bains"]
[Date "2009.04.26"]
[Round "9.5"]
[White "Le Bail, Clara"]
[Black "Favarel, Antoine"]
[Result "0-1"]
[WhiteElo "2048"]
[BlackElo "2204"]
[PlyCount "82"]
[EventDate "2009.??.??"]

1. e4 c5 2. c3 d5 3. exd5 Qxd5 4. d4 Nf6 5. Nf3 Bg4 6. Be2 e6 7. O-O Nc6 8. Na3
cxd4 9. Nb5 Qd7 10. Nbxd4 Be7 11. Bb5 a6 12. Qa4 Bxf3 13. gxf3 Rc8 14. Bxc6
bxc6 15. Qxa6 O-O 16. Bf4 Nd5 17. Bg3 h5 18. h4 Bf6 19. Rfd1 Rfd8 20. Qa4 Qe7
21. Nc2 Qb7 22. Qb3 Qa7 23. Qc4 Ne7 24. Ne3 Ng6 25. Qe4 Qe7 26. Ng2 Qc5 27. a4
Qb6 28. Qe2 Ra8 29. Rxd8+ Qxd8 30. Qe4 Qb6 31. Qe2 c5 32. Ra2 Qb3 33. Ra3 Qd5
34. b4 cxb4 35. cxb4 Qc6 36. Qd1 Rd8 37. Qb3 Qc1+ 38. Kh2 Rd1 39. Bb8 Rh1+ 40.
Kg3 Bxh4+ 41. Nxh4 Qg5# 0-1

[Event "Championnat de France des Jeunes - Junio"]
[Site "Aix les Bains"]
[Date "2009.04.26"]
[Round "9.6"]
[White "Le Berre, Tennessee"]
[Black "Poignot, Quentin"]
[Result "0-1"]
[WhiteElo "1834"]
[BlackElo "2148"]
[PlyCount "83"]
[EventDate "2009.??.??"]

1. e4 c5 2. Nf3 d6 3. d4 cxd4 4. Nxd4 Nf6 5. Nc3 g6 6. Be3 Bg7 7. f3 O-O 8. Qd2
Nc6 9. O-O-O Nxd4 10. Bxd4 Be6 11. Kb1 Qc7 12. g4 Rfc8 13. h4 Qa5 14. Nd5 Qxd2
15. Nxf6+ Bxf6 16. Rxd2 Bxd4 17. Rxd4 Kg7 18. Bb5 Kf6 19. Ba4 Ke5 20. Rd3 Kf4
21. Bb3 Rc5 22. Bxe6 fxe6 23. c3 Rf8 24. b4 Rc4 25. Rg1 Rfc8 26. Kb2 a5 27. a3
axb4 28. cxb4 Ra8 29. Kb3 b5 30. h5 g5 31. Kb2 Rc7 32. Rc1 Rxc1 33. Kxc1 Kg3
34. Kb2 Kf2 35. Kc2 Ke2 36. h6 Ra7 37. f4 gxf4 38. g5 f3 39. g6 hxg6 40. h7 Ra8
41. Rd2+ Ke3 42. Rh2 0-1

[Event "Championnat de France des Jeunes - Junio"]
[Site "Aix les Bains"]
[Date "2009.04.26"]
[Round "9.7"]
[White "Lepigoche, Cyril"]
[Black "Congiu, Mathilde"]
[Result "0-1"]
[WhiteElo "1973"]
[BlackElo "2212"]
[PlyCount "98"]
[EventDate "2009.??.??"]

1. c4 c6 2. Nf3 Nf6 3. g3 d5 4. cxd5 cxd5 5. Bg2 Nc6 6. O-O Bg4 7. d3 e6 8.
Nbd2 Bc5 9. h3 Bh5 10. a3 a5 11. b3 Bg6 12. Bb2 Nh5 13. Kh2 Qb6 14. Qe1 O-O 15.
Nh4 Bd4 16. Rb1 Rac8 17. Ndf3 Bxb2 18. Rxb2 Na7 19. b4 a4 20. b5 Rc5 21. Ne5
Qd6 22. Qb4 Rd8 23. Nexg6 hxg6 24. Qxa4 Nc8 25. Qb4 d4 26. Bxb7 Ne7 27. Bf3 g5
28. Bxh5 gxh4 29. Bf3 Nf5 30. Rg1 Qe5 31. b6 hxg3+ 32. fxg3 Rc1 33. Rb1 Rc2 34.
Rg2 Nh4 35. Re1 Rb8 36. b7 Nxg2 37. Kxg2 f5 38. Qb3 Rc3 39. Qb4 f4 40. g4 Rc2
41. Qb3 Rc3 42. Qb4 Rc7 43. Qb2 Qf6 44. Kh2 Kf7 45. Rc1 Rc3 46. Rxc3 dxc3 47.
Qb6 Qe7 48. Qd4 Qc7 49. g5 c2 0-1

[Event "Championnat de France des Jeunes - Junio"]
[Site "Aix les Bains"]
[Date "2009.04.26"]
[Round "9.8"]
[White "Attarian, Florent"]
[Black "Brih, Touatia"]
[Result "0-1"]
[WhiteElo "1894"]
[BlackElo "1960"]
[PlyCount "31"]
[EventDate "2009.??.??"]

1. d4 d5 2. Nf3 g6 3. Bf4 Bg7 4. Nc3 c6 5. Qd2 h6 6. h4 Nf6 7. Ne5 Nbd7 8. f3
Nh5 9. e3 Nxe5 10. dxe5 g5 11. hxg5 hxg5 12. Bxg5 Bxe5 13. f4 Ng3 14. Rxh8+
Bxh8 15. O-O-O Bg4 16. Be2 0-1

[Event "Championnat de France des Jeunes - Junio"]
[Site "Aix les Bains"]
[Date "2009.04.26"]
[Round "9.9"]
[White "Gras, Delphine"]
[Black "Figier, Anthony"]
[Result "1-0"]
[WhiteElo "1982"]
[BlackElo "1630"]
[PlyCount "67"]
[EventDate "2009.??.??"]

1. e4 e5 2. Nf3 Nc6 3. Bb5 a6 4. Bxc6 dxc6 5. O-O Bg4 6. h3 Bh5 7. d3 Bd6 8.
Be3 Nf6 9. Nbd2 O-O 10. c3 Re8 11. Bg5 c5 12. Nc4 b5 13. Ne3 Re6 14. Re1 Be7
15. Nf5 Kh8 16. Qe2 Ng8 17. Bxe7 Bxf3 18. Qxf3 Nxe7 19. Qg3 Ng6 20. h4 Qf6 21.
Re3 Rae8 22. Rae1 Nf4 23. Rf3 Qg6 24. d4 cxd4 25. cxd4 Qxg3 26. Nxg3 f6 27. Rc1
R6e7 28. d5 Rd7 29. Ra3 f5 30. exf5 Nxd5 31. Rxa6 Nb4 32. Ra7 Nd5 33. Ne4 Ree7
34. Ra8+ 1-0

[Event "Championnat de France des Jeunes - Junio"]
[Site "Aix les Bains"]
[Date "2009.04.26"]
[Round "9.10"]
[White "Roubert, Emile"]
[Black "Grimmer, Jonathan"]
[Result "0-1"]
[WhiteElo "1918"]
[BlackElo "1875"]
[PlyCount "52"]
[EventDate "2009.??.??"]

1. e4 Nf6 2. e5 Nd5 3. c4 Nb6 4. d4 d6 5. f4 dxe5 6. fxe5 Nc6 7. Be3 Bf5 8. Nc3
e6 9. Nf3 Be7 10. Be2 O-O 11. O-O Bg4 12. a3 Qd7 13. b4 Rad8 14. c5 Nd5 15.
Nxd5 Qxd5 16. b5 Na5 17. h3 Bh5 18. g4 Bg6 19. Nd2 f5 20. Bf3 Qd7 21. Qa4 b6
22. c6 Qe8 23. gxf5 Bxf5 24. Kh2 g5 25. Rg1 Qg6 26. Rg3 Bc2 0-1

[Event "Championnat de France des Jeunes - Junio"]
[Site "Aix les Bains"]
[Date "2009.04.26"]
[Round "9.11"]
[White "Flaquet, Sebastien"]
[Black "Pouchon, Mickael"]
[Result "1-0"]
[WhiteElo "1707"]
[BlackElo "1902"]
[PlyCount "147"]
[EventDate "2009.??.??"]

1. c4 f5 2. Nc3 Nf6 3. g3 e6 4. Bg2 Be7 5. d3 O-O 6. e4 fxe4 7. dxe4 d6 8. Nge2
Qe8 9. Nf4 Nc6 10. O-O Qf7 11. Nb5 Bd8 12. Be3 Ne5 13. c5 a6 14. Nc3 Be7 15.
cxd6 cxd6 16. Qe2 Nfg4 17. Bb6 g5 18. Nd3 Nxd3 19. Qxd3 Qh5 20. h3 Ne5 21. Qe2
g4 22. Rfd1 Nf3+ 23. Bxf3 gxf3 24. Qf1 Rf7 25. Kh2 Bd7 26. Bd4 b5 27. b4 Rc8
28. Rac1 Bg5 29. Rc2 Re8 30. e5 d5 31. Nb1 Bd8 32. Nd2 Qg6 33. Rc3 a5 34. a3
axb4 35. axb4 Be7 36. Bc5 Bxc5 37. Rxc5 Ra8 38. Ra1 Rff8 39. Rc7 Rxa1 40. Qxa1
Rf7 41. Qc3 Qf5 42. Rxd7 Rf8 43. Qe3 Ra8 44. Qh6 Qg6 45. Qxg6+ hxg6 46. Nxf3
Ra2 47. Kg2 Rb2 48. Rb7 Rxb4 49. Ng5 Rb2 50. Nxe6 b4 51. Nd4 Rb1 52. e6 Re1 53.
f4 Kf8 54. g4 Re4 55. Rxb4 Rxf4 56. Kg3 Rf1 57. Rb5 Ke7 58. Rxd5 Rf6 59. Rd7+
Ke8 60. h4 Kf8 61. Rf7+ Rxf7 62. exf7 Kxf7 63. Kf4 Kf6 64. Nc6 Kf7 65. Kg5 Kg7
66. Ne5 Kh7 67. Nxg6 Kg7 68. h5 Kh7 69. Nf8+ Kg8 70. Kh6 Kh8 71. g5 Kg8 72. g6
Kh8 73. g7+ Kg8 74. Ne6 1-0

[Event "Championnat de France des Jeunes - Junio"]
[Site "Aix les Bains"]
[Date "2009.04.26"]
[Round "9.12"]
[White "Perrusset, Barbara"]
[Black "Duveau, Erwan"]
[Result "0-1"]
[WhiteElo "1817"]
[BlackElo "1784"]
[PlyCount "112"]
[EventDate "2009.??.??"]

1. e4 e6 2. d4 d5 3. exd5 exd5 4. Ne2 Nf6 5. Nf4 Be7 6. Bd3 b6 7. O-O Ba6 8.
Bxa6 Nxa6 9. Qe2 Nb8 10. Re1 Nc6 11. c3 O-O 12. Ne6 fxe6 13. Qxe6+ Kh8 14. Qxc6
Bd6 15. Bg5 Bxh2+ 16. Kh1 Bd6 17. Re3 h6 18. Rh3 Qe8 19. Qxe8 Raxe8 20. Be3 Ng4
21. Kg1 Bf4 22. Na3 Nxe3 23. fxe3 Bxe3+ 24. Kh1 Bf4 25. Rf3 a6 26. Nc2 Bd6 27.
Rxf8+ Rxf8 28. Ne3 c6 29. Kg1 Rf4 30. a3 g6 31. Nc2 a5 32. Re1 Re4 33. Rxe4
dxe4 34. Kf2 Bf4 35. Ne3 Kg7 36. Nc4 e3+ 37. Nxe3 Bxe3+ 38. Kxe3 Kf6 39. Ke4 h5
40. c4 a4 41. d5 cxd5+ 42. Kxd5 Ke7 43. Ke5 h4 44. Ke4 Ke6 45. Kf4 Kf6 46. Kg4
g5 47. Kf3 Kf5 48. Ke3 g4 49. Kd4 h3 50. gxh3 gxh3 51. Kd5 h2 52. Kc6 h1=Q+ 53.
Kxb6 Ke6 54. c5 Kd7 55. Kb5 Qd1 56. Kc4 Kc6 0-1

[Event "Championnat de France des Jeunes - Junio"]
[Site "Aix les Bains"]
[Date "2009.04.26"]
[Round "9.13"]
[White "Scalia, Jerome"]
[Black "Scherrer, Gilles"]
[Result "1/2-1/2"]
[WhiteElo "1833"]
[BlackElo "1768"]
[PlyCount "64"]
[EventDate "2009.??.??"]

1. e4 c5 2. Nf3 d6 3. d4 cxd4 4. Nxd4 Nf6 5. Nc3 a6 6. Be3 e6 7. f3 b5 8. Qd2
Nbd7 9. O-O-O Bb7 10. g4 Nb6 11. Qf2 Nfd7 12. Bd3 Rc8 13. Nce2 Be7 14. h4 O-O
15. Kb1 Na4 16. g5 Ndc5 17. Ng3 Qc7 18. Nb3 d5 19. e5 Qxe5 20. Bd4 Qc7 21. f4
Ne4 22. Bxe4 dxe4 23. Rhe1 Bd6 24. Nh5 e5 25. c3 f6 26. gxf6 exd4 27. Nxd4 g6
28. f5 gxh5 29. Ne6 Nxc3+ 30. bxc3 Qxc3 31. Rxd6 Qb4+ 32. Ka1 Qc3+ 1/2-1/2

[Event "Championnat de France des Jeunes - Junio"]
[Site "Aix les Bains"]
[Date "2009.04.26"]
[Round "9.14"]
[White "Flores, Francisco"]
[Black "Kopp, Tristan"]
[Result "1-0"]
[WhiteElo "1810"]
[BlackElo "1410"]
[PlyCount "63"]
[EventDate "2009.??.??"]

1. e4 e5 2. Nf3 Nc6 3. Bc4 Be7 4. Nc3 d6 5. h3 Bd7 6. d3 Nd4 7. Be3 Nxf3+ 8.
Qxf3 Nf6 9. O-O-O Bc6 10. d4 exd4 11. Bxd4 Qd7 12. Rhe1 Rf8 13. Qd3 Nh5 14. g4
Nf4 15. Qg3 Bg5 16. Kb1 Ne6 17. Be3 Bxe3 18. Qxe3 f6 19. f4 g5 20. fxg5 fxg5
21. e5 Rf4 22. Bb3 O-O-O 23. exd6 Ng7 24. dxc7 Qxc7 25. Qxa7 Bf3 26. Qa8+ Qb8
27. Rxd8+ Kxd8 28. Qxb8+ Kd7 29. Ba4+ b5 30. Bxb5+ Bc6 31. Qb7+ Kd6 32. Qxc6#
1-0

[Event "Championnat de France des Jeunes - Junio"]
[Site "Aix les Bains"]
[Date "2009.04.26"]
[Round "9.15"]
[White "Saint-Gilles, Damien"]
[Black "Gillet, Noel"]
[Result "0-1"]
[WhiteElo "1669"]
[BlackElo "1690"]
[PlyCount "104"]
[EventDate "2009.??.??"]

1. d4 Nf6 2. Nf3 g6 3. c4 Bg7 4. Nc3 d6 5. e4 O-O 6. Bd3 e5 7. d5 Ne8 8. Be2 h6
9. b4 f5 10. Nd2 Nf6 11. O-O f4 12. Re1 Rf7 13. f3 g5 14. Rb1 Bf8 15. Bf1 Rg7
16. Re2 g4 17. Re1 Qe8 18. Nb3 h5 19. c5 h4 20. Rb2 h3 21. Bb5 Qh5 22. fxg4
Bxg4 23. Be2 f3 24. gxf3 Bxf3+ 25. Kf1 Bg2+ 26. Kf2 Qh4+ 27. Ke3 Qf4+ 28. Kd3
Qxh2 29. Nd2 Qg3+ 30. Kc2 h2 31. Rh1 Bxh1 32. Qxh1 Qg2 33. Bf3 Qxh1 34. Bxh1
Rg1 35. Bf3 h1=Q 36. Bxh1 Rxh1 37. Nb5 Na6 38. cxd6 Bxd6 39. a3 Kf7 40. Rb3 Rg8
41. Re3 Rgg1 42. Bb2 Ke7 43. Nxa7 Re1 44. Rg3 Nxe4 45. Nc8+ Kd7 46. Nxe4 Rxe4
47. Nxd6 Kxd6 48. Rd3 Rh2+ 49. Kb3 Ree2 50. Bc1 b5 51. Bg5 Rb2+ 52. Kc3 Rhc2#
0-1

[Event "Championnat de France des Jeunes - Junio"]
[Site "Aix les Bains"]
[Date "2009.04.26"]
[Round "9.16"]
[White "Esposito, Julie"]
[Black "Doziere, Nicolas"]
[Result "1-0"]
[WhiteElo "1840"]
[BlackElo "1290"]
[PlyCount "99"]
[EventDate "2009.??.??"]

1. d4 d5 2. Bf4 Nc6 3. e3 Nf6 4. a3 Bf5 5. Nd2 h6 6. h3 g5 7. Bh2 Bg7 8. Ngf3
O-O 9. Ne5 Nxe5 10. Bxe5 Nd7 11. Bxg7 Kxg7 12. Nf3 f6 13. Bd3 Be4 14. Bxe4 dxe4
15. Nd2 f5 16. c4 e6 17. Qb3 b6 18. O-O-O c5 19. Kb1 cxd4 20. exd4 e5 21. dxe5
Nxe5 22. Nxe4 Qc7 23. Nd6 Rad8 24. Qc3 Rxd6 25. Qxe5+ Rff6 26. Rxd6 Qxd6 27.
Qxd6 Rxd6 28. Kc2 Kg6 29. Re1 Rc6 30. Kc3 b5 31. b3 a5 32. Re5 bxc4 33. bxc4
Ra6 34. Rb5 g4 35. hxg4 fxg4 36. c5 Kf6 37. Rb6+ Rxb6 38. cxb6 h5 39. b7 h4 40.
b8=Q h3 41. gxh3 gxh3 42. Qg3 a4 43. Qxh3 Ke5 44. Qd7 Kf4 45. Qe6 Kf3 46. Kd3
Kxf2 47. Qe2+ Kg1 48. Ke3 Kh1 49. Kf3 Kg1 50. Qg2# 1-0

[Event "Championnat de France des Jeunes - Junio"]
[Site "Aix les Bains"]
[Date "2009.04.26"]
[Round "9.17"]
[White "Dabilougou, Quentin"]
[Black "Dupont, Ludovic"]
[Result "0-1"]
[WhiteElo "1010"]
[BlackElo "1350"]
[PlyCount "72"]
[EventDate "2009.??.??"]

1. e4 e6 2. Nc3 d5 3. exd5 exd5 4. d4 Nf6 5. f3 c5 6. Be3 Qb6 7. b3 Be6 8. a3
Nc6 9. Bb5 Be7 10. Nge2 O-O 11. O-O a6 12. Na4 Qxb5 13. Nec3 Qa5 14. Qd2 b5 15.
Nxc5 Bxc5 16. dxc5 Rad8 17. Bd4 Nxd4 18. Qxd4 Nd7 19. b4 Qc7 20. Nxd5 Bxd5 21.
Qxd5 Qe5 22. Qb7 a5 23. f4 Qd4+ 24. Kh1 axb4 25. Qxb5 Qxc5 26. Qxb4 Rb8 27. Qa4
Nb6 28. Qe4 Rfe8 29. Qf3 Nc4 30. f5 Nd2 31. Qd1 Nxf1 32. Qxf1 Qxc2 33. f6 gxf6
34. Qxf6 Rb1+ 35. Rxb1 Qxb1+ 36. Qf1 Qxf1# 0-1

[Event "Championnat de France des Jeunes - Cadet"]
[Site "Aix les Bains"]
[Date "2009.04.26"]
[Round "9.1"]
[White "Ludwig, Remi"]
[Black "Demuth, Adrien"]
[Result "1/2-1/2"]
[WhiteElo "2202"]
[BlackElo "2330"]
[PlyCount "93"]
[EventDate "2009.??.??"]

1. d4 Nf6 2. c4 g6 3. Nc3 Bg7 4. e4 d6 5. Nf3 O-O 6. Be2 e5 7. O-O Nbd7 8. Re1
c6 9. Bf1 a5 10. Rb1 Re8 11. b3 exd4 12. Nxd4 Ng4 13. h3 Nxf2 14. Kxf2 Qf6+ 15.
Nf3 Qxc3 16. Ba3 Qf6 17. Qxd6 Ne5 18. Qxf6 Bxf6 19. Bd6 Nxf3 20. Kxf3 Bc3 21.
Red1 Bb4 22. c5 Be6 23. Bc4 Bc3 24. Rbc1 Bf6 25. Re1 Kg7 26. Bxe6 Rxe6 27. e5
Bg5 28. Rc4 Rae8 29. Ree4 Bd2 30. Ke2 Bb4 31. Kd3 Ba3 32. Kc2 f6 33. Ra4 Bb4
34. a3 f5 35. Rexb4 axb4 36. Rxb4 R6e7 37. Bxe7 Rxe7 38. Kd3 Kf7 39. Rd4 Ke8
40. Rh4 h5 41. g4 fxg4 42. hxg4 Rxe5 43. gxh5 gxh5 44. b4 Kd7 45. Kc4 Rg5 46.
Rd4+ Kc7 47. a4 1/2-1/2

[Event "Championnat de France des Jeunes - Cadet"]
[Site "Aix les Bains"]
[Date "2009.04.26"]
[Round "9.2"]
[White "Ollier, Pablo"]
[Black "Li, Frederic"]
[Result "1-0"]
[WhiteElo "2200"]
[BlackElo "2240"]
[PlyCount "95"]
[EventDate "2009.??.??"]

1. d4 Nf6 2. c4 g6 3. Nc3 Bg7 4. e4 d6 5. Nf3 O-O 6. Be2 c5 7. d5 e6 8. dxe6
Bxe6 9. Bf4 Qa5 10. O-O Nc6 11. Bxd6 Rfd8 12. e5 Ne8 13. Nd5 Rd7 14. Ng5 Nxe5
15. Bxe5 Bxe5 16. Nxe6 fxe6 17. Bg4 Kg7 18. Qe2 Bd4 19. Bxe6 Rd6 20. Rae1 Nc7
21. Nxc7 Qxc7 22. Bd5 Rd7 23. b3 Rf8 24. Qe6 Rdf7 25. Re2 Qa5 26. Qe4 Rf4 27.
Qe7+ Kh6 28. g3 R4f6 29. Kg2 b6 30. f3 Qc3 31. Re4 g5 32. Re6 Rxe6 33. Qxe6+
Rf6 34. Qe2 Qb2 35. Qxb2 Bxb2 36. Re1 Rd6 37. Re7 a5 38. Be4 Bg7 39. Kh3 Rf6
40. Kg4 Rd6 41. Rb7 Rf6 42. a4 Re6 43. Rc7 Rf6 44. Re7 Rf8 45. Rd7 Rf6 46. Rd5
Re6 47. Rxg5 Re5 48. Bf5 1-0

[Event "Championnat de France des Jeunes - Cadet"]
[Site "Aix les Bains"]
[Date "2009.04.26"]
[Round "9.3"]
[White "Massoni, Michael"]
[Black "Stephan, Victor"]
[Result "1-0"]
[WhiteElo "2272"]
[BlackElo "2168"]
[PlyCount "97"]
[EventDate "2009.??.??"]

1. e4 c5 2. Nf3 d6 3. c3 Nf6 4. Be2 Bd7 5. e5 dxe5 6. Nxe5 Nc6 7. Nxd7 Qxd7 8.
d3 e6 9. Nd2 Be7 10. O-O O-O 11. a4 b6 12. Nc4 Qc7 13. Qb3 Rab8 14. Qb5 Nd5 15.
Bf3 Rfd8 16. Re1 Bf6 17. Ne3 Ne5 18. Bxd5 exd5 19. d4 a6 20. Qxa6 cxd4 21. cxd4
Nc6 22. Bd2 Bxd4 23. Qb5 Be5 24. Rac1 Nd4 25. Rxc7 Nxb5 26. Re7 Bf6 27. Nxd5
Bxe7 28. Nxe7+ Kf8 29. Bf4 Nd4 30. Bxb8 Rxb8 31. Nd5 Nb3 32. g3 b5 33. axb5
Rxb5 34. Re8+ Kxe8 35. Nc7+ Kd7 36. Nxb5 Kc6 37. Nc3 Kc5 38. Ne4+ Kd4 39. Ng5
Kd3 40. Nxh7 Kc2 41. Ng5 Kxb2 42. Nxf7 Kc3 43. h4 Nd4 44. Kg2 Kd3 45. Nd6 Ke2
46. h5 Nf3 47. Nf5 Ne5 48. Kh3 Kxf2 49. Nxg7 1-0

[Event "Championnat de France des Jeunes - Cadet"]
[Site "Aix les Bains"]
[Date "2009.04.26"]
[Round "9.4"]
[White "Hutois, Mickael"]
[Black "Villegas, Pierre"]
[Result "1/2-1/2"]
[WhiteElo "2021"]
[BlackElo "2195"]
[PlyCount "118"]
[EventDate "2009.??.??"]

1. e4 c5 2. Nf3 d6 3. d4 cxd4 4. Nxd4 Nf6 5. Nc3 a6 6. Be2 e6 7. Be3 Qc7 8. O-O
b5 9. a3 Bb7 10. Bf3 Nbd7 11. g3 Be7 12. Bg2 O-O 13. Qe2 Nb6 14. Qe1 d5 15. Bg5
h6 16. Bd2 Rfd8 17. e5 Ne4 18. Nxe4 dxe4 19. Bc3 Rac8 20. Bxe4 Bxe4 21. Qxe4
Na4 22. Ne2 a5 23. Rfc1 Rd5 24. f4 Nxc3 25. Nxc3 Rd2 26. Rd1 Rxd1+ 27. Rxd1 b4
28. axb4 axb4 29. Nb5 Qxc2 30. Qxc2 Rxc2 31. b3 Bc5+ 32. Kh1 Rb2 33. Rd3 g5 34.
Nd6 g4 35. h4 gxh3 36. Ne4 Be7 37. Nd2 f6 38. exf6 Bxf6 39. Ne4 Kg7 40. g4 h2
41. Nxf6 Kxf6 42. Rh3 Kg6 43. Re3 Kf6 44. Rh3 Kf7 45. Rxh6 Rxb3 46. f5 exf5 47.
gxf5 Rb2 48. Re6 b3 49. Re3 Kf6 50. Rf3 Ke7 51. Re3+ Kf7 52. Rd3 Kf6 53. Rf3
Rb1+ 54. Kxh2 b2 55. Rb3 Kxf5 56. Kg2 Ke4 57. Rb8 Kd5 58. Rb7 Kc6 59. Rb8 Kc7
1/2-1/2

[Event "Championnat de France des Jeunes - Cadet"]
[Site "Aix les Bains"]
[Date "2009.04.26"]
[Round "9.5"]
[White "Blum, Nicolas"]
[Black "Delivre, Raphael"]
[Result "1-0"]
[WhiteElo "2234"]
[BlackElo "2067"]
[PlyCount "51"]
[EventDate "2009.??.??"]

1. e4 c5 2. Nf3 Nc6 3. Bb5 e6 4. Bxc6 bxc6 5. d3 Ne7 6. Qe2 Ng6 7. h4 h5 8. e5
f6 9. Qe4 f5 10. Qe2 d5 11. c4 Be7 12. Bg5 Qc7 13. Bxe7 Qxe7 14. Nc3 Ba6 15.
O-O-O O-O-O 16. g3 Rhf8 17. Ng5 f4 18. Qxh5 Nxe5 19. Rhe1 Qd6 20. Qe2 Nxd3+ 21.
Qxd3 Bxc4 22. Qg6 fxg3 23. fxg3 Qxg3 24. Qxe6+ Kb7 25. Qe7+ Ka8 26. Ne6 1-0

[Event "Championnat de France des Jeunes - Cadet"]
[Site "Aix les Bains"]
[Date "2009.04.26"]
[Round "9.6"]
[White "Millon, Valentin"]
[Black "Graca, Robert"]
[Result "0-1"]
[WhiteElo "2062"]
[BlackElo "2170"]
[PlyCount "51"]
[EventDate "2009.??.??"]

1. e4 c5 2. Nf3 Nc6 3. Bb5 d6 4. d4 cxd4 5. Qxd4 Bd7 6. Bxc6 Bxc6 7. Nc3 Nf6 8.
Bg5 e6 9. O-O-O Be7 10. Rhe1 O-O 11. e5 dxe5 12. Qh4 Qc7 13. Nxe5 Rfd8 14.
Rxd8+ Rxd8 15. Ng4 Nxg4 16. Bxe7 Rd7 17. Bg5 Ne5 18. f4 Ng6 19. Qf2 h6 20. f5
exf5 21. Bd2 Qxh2 22. Qxf5 Qxg2 23. Ne4 Re7 24. Nd6 Rxe1+ 25. Bxe1 Qg5+ 26. Bd2
0-1

[Event "Championnat de France des Jeunes - Cadet"]
[Site "Aix les Bains"]
[Date "2009.04.26"]
[Round "9.7"]
[White "Devallee, Jeremie"]
[Black "Hoareau, William"]
[Result "0-1"]
[WhiteElo "2030"]
[BlackElo "2138"]
[PlyCount "86"]
[EventDate "2009.??.??"]

1. Nc3 c5 2. d4 cxd4 3. Qxd4 Nc6 4. Qh4 g6 5. Bd2 Bg7 6. O-O-O Rb8 7. e4 b5 8.
Bxb5 Qb6 9. b3 Nb4 10. e5 Nxa2+ 11. Nxa2 Qxb5 12. f4 Qc6 13. Qg3 Nh6 14. Qf3
Qa6 15. Kb1 Bb7 16. Qe2 Qxe2 17. Nxe2 Bxg2 18. Rhe1 Nf5 19. Bc3 Bf3 20. Rd2
Bxe2 21. Rexe2 Rb7 22. Re4 O-O 23. Rd5 f6 24. Ra5 fxe5 25. fxe5 Bh6 26. Nb4 Rc8
27. Bb2 Bd2 28. Ra4 Bxb4 29. Raxb4 Rcc7 30. e6 dxe6 31. Rxb7 Rxb7 32. Rxe6 Kf7
33. Rc6 g5 34. Ka2 g4 35. c4 h5 36. Be5 h4 37. c5 g3 38. hxg3 hxg3 39. Rc8 g2
40. Bh2 Nd4 41. c6 Rb6 42. c7 Rc6 43. Rd8 Nf3 0-1

[Event "Championnat de France des Jeunes - Cadet"]
[Site "Aix les Bains"]
[Date "2009.04.26"]
[Round "9.9"]
[White "Feryn, Alexandre"]
[Black "Sochacki, Wojtek"]
[Result "0-1"]
[WhiteElo "1989"]
[BlackElo "2212"]
[PlyCount "70"]
[EventDate "2009.??.??"]

1. e4 c5 2. Nf3 d6 3. c3 Nf6 4. Be2 Bd7 5. d3 Nc6 6. O-O g6 7. Nbd2 Bg7 8. Re1
O-O 9. Bf1 Rc8 10. a4 Ne8 11. Nc4 Bg4 12. h3 Bxf3 13. Qxf3 Ne5 14. Nxe5 dxe5
15. Bg5 h6 16. Be3 Qd6 17. Qg3 Nc7 18. f4 exf4 19. Qxf4 Qxf4 20. Bxf4 e5 21.
Be3 Ne6 22. Be2 Kh7 23. Rf1 Rcd8 24. Rad1 h5 25. g4 Bh6 26. Bxh6 Kxh6 27. Rf3
Nf4 28. Bf1 hxg4 29. hxg4 Kg5 30. Rg3 Rh8 31. Bg2 Ne2+ 32. Kf2 Nxg3 33. Kxg3
Rh4 34. Bh3 Rdh8 35. Rh1 Rxg4+ 0-1

[Event "Championnat de France des Jeunes - Cadet"]
[Site "Aix les Bains"]
[Date "2009.04.26"]
[Round "9.10"]
[White "Lallement, Victor"]
[Black "Brehier, William"]
[Result "1-0"]
[WhiteElo "2116"]
[BlackElo "1888"]
[PlyCount "91"]
[EventDate "2009.??.??"]

1. e4 c5 2. Nf3 d6 3. d4 cxd4 4. Nxd4 Nf6 5. Nc3 a6 6. Bc4 e6 7. Bb3 Qc7 8. Bg5
Be7 9. Qf3 Nc6 10. O-O-O Na5 11. Rhe1 Nxb3+ 12. cxb3 b5 13. Kb1 O-O 14. Qg3 b4
15. Na4 Bb7 16. Bxf6 Bxf6 17. Nc2 Rac8 18. Qd3 a5 19. Ne3 Rfd8 20. Rc1 Qe7 21.
Nb6 Rc5 22. f3 Qe8 23. Rcd1 Qb5 24. Qxb5 Rxb5 25. Nbc4 d5 26. exd5 Bxd5 27.
Nxd5 Rbxd5 28. Kc2 Kf8 29. Rxd5 Rxd5 30. Rd1 Rxd1 31. Kxd1 Ke8 32. Kc2 Bd8 33.
Kd3 Kd7 34. Kd4 Kc6 35. Ne5+ Kb5 36. Nxf7 Bf6+ 37. Ne5 a4 38. bxa4+ Kxa4 39. f4
Kb5 40. Ke4 g6 41. b3 Bg7 42. Nf3 h6 43. Nd4+ Bxd4 44. Kxd4 g5 45. fxg5 hxg5
46. h3 1-0

[Event "Championnat de France des Jeunes - Cadet"]
[Site "Aix les Bains"]
[Date "2009.04.26"]
[Round "9.11"]
[White "Chandesris, Ludovic"]
[Black "Tachikart, Yassin"]
[Result "1-0"]
[WhiteElo "1920"]
[BlackElo "2107"]
[PlyCount "85"]
[EventDate "2009.??.??"]

1. e4 e5 2. Nf3 Nc6 3. Bc4 Bc5 4. O-O Nf6 5. d4 exd4 6. e5 d5 7. exf6 dxc4 8.
Re1+ Be6 9. Ng5 Qd5 10. Nc3 Qf5 11. Nce4 O-O-O 12. Nxe6 fxe6 13. g4 Qe5 14.
fxg7 Rhg8 15. Bh6 Be7 16. f4 Qd5 17. g5 Qf5 18. Qd2 d3 19. c3 e5 20. Ng3 Qg4
21. f5 Rxg7 22. Bxg7 Bxg5 23. Qd1 Be3+ 24. Rxe3 Qxg7 25. Qf3 Qg5 26. f6 Rd7 27.
Re4 Nd8 28. Qf5 Qd2 29. Qf2 Qg5 30. Rxc4 h5 31. Kh1 h4 32. Ne4 Qh5 33. Nd2 h3
34. Qf3 Qh6 35. Rd1 Nf7 36. Rg4 c6 37. Ne4 d2 38. Qf2 Qh5 39. Rg8+ Kc7 40. Rxd2
Rxd2 41. Nxd2 Ng5 42. Rxg5 Qxg5 43. f7 1-0